000 00355pam a2200157a 44500
008 230405s1997 xxu||||| |||| 00| 0 eng d
041 _aENG
100 _aSHROFF PRAVEEN N
245 _aSTOCK MARKET DICTIONARY
250 _a1997
260 _aNULL
_bMIR PUB,MOSCOW
_c1997
300 _a135
650 _aDICTIONARY
690 _aMBA
906 _a2199
999 _c283010
_d283010